00342nam a2200145Ia 4500008004100000020001500041041001200056082001100068100001300079245003000092250001100122260003900133300000800172650001600180221030s9999 xx 000 0 und d a8131501337 aEnglish a105.23 aS. White 0aDigital Signal Processing aIndian bThomson LearningaSingaporec2007 a234 aBE Computer